Loading...
| Science - Other | 0 | 2 | 0 | 0 | 20 | 55 | 87.50 | 0 | 0 | 0.00 | 0.00 |
| Fine Arts - Classical Music | 0 | 2 | 0 | 1 | 20 | 114 | 119.00 | 0 | 1 | 0.00 | 0.00 |
| Social Science | 0 | 2 | 1 | 0 | 15 | 56 | 73.50 | 1 | 1 | 0.00 | 0.00 |
| History - European | 0 | 1 | 0 | 0 | 10 | 66 | 66.00 | 1 | 1 | 0.00 | 0.00 |
| History - Other | 0 | 1 | 0 | 0 | 10 | 43 | 43.00 | 1 | 1 | 0.00 | 0.00 |
| Literature - World | 0 | 1 | 0 | 0 | 10 | 109 | 109.00 | 0 | 1 | 0.00 | 0.00 |
| Other Academic | 0 | 1 | 0 | 0 | 10 | 106 | 106.00 | 0 | 0 | 0.00 | 0.00 |
| Pop Culture | 0 | 1 | 0 | 0 | 10 | 20 | 20.00 | 1 | 1 | 0.00 | 0.00 |
| Science - Chemistry | 0 | 1 | 0 | 0 | 10 | 87 | 87.00 | 0 | 0 | 0.00 | 0.00 |
| Fine Arts - Painting and Sculpture | 0 | 1 | 0 | 0 | 10 | 132 | 132.00 | 0 | 0 | 0.00 | 0.00 |
| Fine Arts - Other | 0 | 1 | 0 | 0 | 10 | 73 | 73.00 | 0 | 1 | 0.00 | 0.00 |
| Literature - British | 0 | 1 | 0 | 0 | 10 | 138 | 138.00 | 0 | 0 | 0.00 | 0.00 |
| Science - Physics | 0 | 1 | 1 | 0 | 5 | 119 | 119.00 | 0 | 0 | 0.00 | 0.00 |
| Science - Biology | 0 | 1 | 1 | 0 | 5 | 72 | 72.00 | 0 | 1 | 0.00 | 0.00 |
| Literature - European | 0 | 0 | 0 | 0 | 0 | 0.00 | 0 | 0 | 0.00 | 0.00 | |
| Literature - American | 0 | 0 | 1 | 0 | -5 | 0.00 | 0 | 0 | 0.00 | 0.00 | |
| Religion | 0 | 0 | 1 | 0 | -5 | 0.00 | 0 | 0 | 0.00 | 0.00 | |
| Philosophy | 0 | 0 | 1 | 0 | -5 | 0.00 | 0 | 0 | 0.00 | 0.00 |